<?xml version="1.0" encoding="UTF-8"?><?xml-stylesheet type="text/xsl" href="static/style.xsl"?><OAI-PMH xmlns="http://www.openarchives.org/OAI/2.0/" xmlns:xsi="http://www.w3.org/2001/XMLSchema-instance" xsi:schemaLocation="http://www.openarchives.org/OAI/2.0/ http://www.openarchives.org/OAI/2.0/OAI-PMH.xsd"><responseDate>2026-04-17T16:19:46Z</responseDate><request verb="GetRecord" identifier="oai:www.recercat.cat:10256/12259" metadataPrefix="marc">https://recercat.cat/oai/request</request><GetRecord><record><header><identifier>oai:recercat.cat:10256/12259</identifier><datestamp>2024-06-18T13:51:13Z</datestamp><setSpec>com_2072_452955</setSpec><setSpec>com_2072_2054</setSpec><setSpec>col_2072_453073</setSpec></header><metadata><record xmlns="http://www.loc.gov/MARC21/slim" xmlns:dcterms="http://purl.org/dc/terms/" xmlns:xsi="http://www.w3.org/2001/XMLSchema-instance" xmlns:doc="http://www.lyncode.com/xoai" xsi:schemaLocation="http://www.loc.gov/MARC21/slim http://www.loc.gov/standards/marcxml/schema/MARC21slim.xsd">
   <leader>00925njm 22002777a 4500</leader>
   <datafield ind2=" " ind1=" " tag="042">
      <subfield code="a">dc</subfield>
   </datafield>
   <datafield ind2=" " ind1=" " tag="720">
      <subfield code="a">Prat Casellas, Irene</subfield>
      <subfield code="e">author</subfield>
   </datafield>
   <datafield ind2=" " ind1=" " tag="720">
      <subfield code="a">Font Gimbernat, David</subfield>
      <subfield code="e">author</subfield>
   </datafield>
   <datafield ind2=" " ind1=" " tag="720">
      <subfield code="a">Company Casadevall, Anna</subfield>
      <subfield code="e">author</subfield>
   </datafield>
   <datafield ind2=" " ind1=" " tag="720">
      <subfield code="a">Junge, Kathrin</subfield>
      <subfield code="e">author</subfield>
   </datafield>
   <datafield ind2=" " ind1=" " tag="720">
      <subfield code="a">Ribas Salamaña, Xavi</subfield>
      <subfield code="e">author</subfield>
   </datafield>
   <datafield ind2=" " ind1=" " tag="720">
      <subfield code="a">Beller, Matthias</subfield>
      <subfield code="e">author</subfield>
   </datafield>
   <datafield ind2=" " ind1=" " tag="720">
      <subfield code="a">Costas Salgueiro, Miquel</subfield>
      <subfield code="e">author</subfield>
   </datafield>
   <datafield ind2=" " ind1=" " tag="260">
      <subfield code="c">info:eu-repo/date/embargoEnd/2026-01-01</subfield>
   </datafield>
   <datafield ind2=" " ind1=" " tag="260">
      <subfield code="c">info:eu-repo/date/embargoEnd/2026-01-01</subfield>
   </datafield>
   <datafield ind2=" " ind1=" " tag="260">
      <subfield code="c">2013</subfield>
   </datafield>
   <datafield ind2=" " ind1=" " tag="520">
      <subfield code="a">A family of iron complexes with general formula [Fe(II)( R,Y,XPyTACN)(CF3SO3)2], where R,Y,XPyTACN=1-[2′-(4-Y-6-X-pyridyl)methyl]-4,7-dialkyl-1,4, 7-triazacyclononane, X and Y refer to the groups at positions 4 and 6 of the pyridine, respectively, and R refers to the alkyl substitution at N-4 and N-7 of the triazacyclononane ring, are shown to be catalysts for efficient and selective alkene oxidation (epoxidation and cis-dihydroxylation) employing hydrogen peroxide as oxidant. Complex [Fe(II)(Me,Me,HPyTACN)(CF 3SO3)2] (7), was identified as the most efficient and selective cis-dihydroxylation catalyst among the family. The high activity of 7 allows the oxidation of alkenes to proceed rapidly (30 min) at room temperature and under conditions where the olefin is not used in large amounts but instead is the limiting reagent. In the presence of 3 mol% of 7, 2 equiv. of H2O2 as oxidant and 15 equiv. of water, in acetonitrile solution, alkenes are cis-dihydroxylated reaching yields that might be interesting for synthetic purposes. Competition experiments show that 7 exhibits preferential selectivity towards the oxidation of cis olefins over the trans analogues, and also affords better yields and high [syn-diol]/[epoxide] ratios when cis olefins are oxidized. For aliphatic substrates, reaction yields attained with the present system compare favourably with state of the art Fe-catalyzed cis-dihydroxylation systems, and it can be regarded as an attractive complement to the iron and manganese systems described recently and which show optimum activity against electron-deficient and aromatic olefins</subfield>
   </datafield>
   <datafield ind2=" " ind1=" " tag="520">
      <subfield code="a">Financial support by ERC-29910, MCYT of Spain through project CTQ2009-08464/BQU to MC. IP, and MC thank MICINN and Generalitat de Catalunya, respectively for PhD grants. MC and XR thank Generalitat de Catalunya for 2009SGR637 and ICREA Acad mia Awards. XR is grateful for finanical support from INNPLANTA project IPN-2011-0059-PCT-42000-ACT1</subfield>
   </datafield>
   <datafield ind1="8" ind2=" " tag="024">
      <subfield code="a">http://hdl.handle.net/10256/12259</subfield>
   </datafield>
   <datafield tag="653" ind2=" " ind1=" ">
      <subfield code="a">Alquens</subfield>
   </datafield>
   <datafield tag="653" ind2=" " ind1=" ">
      <subfield code="a">Alkenes</subfield>
   </datafield>
   <datafield tag="653" ind2=" " ind1=" ">
      <subfield code="a">Catàlisi homogènia</subfield>
   </datafield>
   <datafield tag="653" ind2=" " ind1=" ">
      <subfield code="a">Homogeneous catalysis</subfield>
   </datafield>
   <datafield tag="653" ind2=" " ind1=" ">
      <subfield code="a">Ferro</subfield>
   </datafield>
   <datafield tag="653" ind2=" " ind1=" ">
      <subfield code="a">Iron</subfield>
   </datafield>
   <datafield tag="653" ind2=" " ind1=" ">
      <subfield code="a">Aigua oxigenada</subfield>
   </datafield>
   <datafield tag="653" ind2=" " ind1=" ">
      <subfield code="a">Hydrogen peroxide</subfield>
   </datafield>
   <datafield ind2="0" ind1="0" tag="245">
      <subfield code="a">Fe(PyTACN)-catalyzed cis-dihydroxylation of olefins with hydrogen peroxide</subfield>
   </datafield>
</record></metadata></record></GetRecord></OAI-PMH>